[Event "Mistrzostwa Malopolski Gr-B"]
[Site "Krakow"]
[Date "2011.??.??"]
[Round "8.5"]
[White "Jedrzejowski, Mariusz"]
[Black "Klementys, Jerzy"]
[Result "1/2-1/2"]
[WhiteElo "1720"]
[BlackElo "1794"]
[PlyCount "45"]
[EventDate "2011.??.??"]

1. Nf3 Nf6 2. c4 g6 3. g3 Bg7 4. Bg2 O-O 5. Nc3 c5 6. O-O Nc6 7. a3 d5 8. cxd5
Nxd5 9. Nxd5 Qxd5 10. d3 b6 11. Qc2 Bb7 12. Be3 Rac8 13. Nh4 Qd7 14. Rac1 e5
15. Qd2 Nd4 16. Bxb7 Qxb7 17. Rb1 f5 18. Ng2 c4 19. Bxd4 exd4 20. dxc4 Rxc4 21.
Rbc1 Rxc1 22. Rxc1 Re8 23. Rc2 1/2-1/2

[Event "Mistrzostwa Malopolski Gr-B"]
[Site "Krakow"]
[Date "2011.??.??"]
[Round "9.2"]
[White "Krzyzanowski, Kamil"]
[Black "Kasperek, Krzysztof"]
[Result "1-0"]
[WhiteElo "1883"]
[BlackElo "1819"]
[PlyCount "45"]
[EventDate "2011.??.??"]

1. e4 c5 2. f4 Nc6 3. Nf3 g6 4. Nc3 Bg7 5. Bc4 e6 6. O-O Nge7 7. d3 d5 8. Bb3
O-O 9. Qe1 Nd4 10. Kh1 b6 11. Ne2 Nxe2 12. Qxe2 Bb7 13. c3 dxe4 14. dxe4 Qc7
15. Bd2 Rad8 16. Rad1 Rd7 17. Ba4 Bc6 18. Bxc6 Qxc6 19. Bc1 Rxd1 20. Rxd1 Qc7
21. Qd3 Nc6 22. Qd7 Rd8 23. Qxc7 1-0

[Event "Mistrzostwa Malopolski Gr-B"]
[Site "Krakow"]
[Date "2011.??.??"]
[Round "9.3"]
[White "Peronczyk, Karol"]
[Black "Jedrzejowski, Mariusz"]
[Result "1/2-1/2"]
[WhiteElo "1623"]
[BlackElo "1720"]
[PlyCount "37"]
[EventDate "2011.??.??"]

1. e4 c5 2. Nf3 e6 3. d4 cxd4 4. Nxd4 a6 5. Nc3 Qc7 6. Be2 Nf6 7. a3 Nc6 8. O-O
Bd6 9. h3 Bf4 10. Nxc6 bxc6 11. Qd4 O-O 12. Bd3 Bxc1 13. Raxc1 e5 14. Qe3 d5
15. exd5 cxd5 16. Qg3 Qb8 17. f3 Re8 18. b3 Bb7 19. Qh4 1/2-1/2

[Event "Mistrzostwa Malopolski Gr-B"]
[Site "Krakow"]
[Date "2011.??.??"]
[Round "9.4"]
[White "Klementys, Jerzy"]
[Black "Gregulski, Zbigniew"]
[Result "1-0"]
[WhiteElo "1794"]
[BlackElo "1880"]
[PlyCount "97"]
[EventDate "2011.??.??"]

1. d4 Nf6 2. c4 e6 3. Nc3 d5 4. Bg5 Be7 5. e3 O-O 6. Nf3 a6 7. a4 b6 8. cxd5
Nxd5 9. Bxe7 Nxe7 10. Bd3 Nd5 11. Rc1 Bb7 12. O-O Nd7 13. Nxd5 Bxd5 14. e4 Bb7
15. Bb1 c5 16. Re1 cxd4 17. Qxd4 Nc5 18. Qb4 a5 19. Qa3 Qc7 20. Qe3 Rfd8 21. h4
Rd7 22. h5 Rad8 23. h6 g6 24. Qc3 f5 25. exf5 gxf5 26. Ne5 Rd4 27. Qg3+ Rg4 28.
Nxg4 Qxg3 29. fxg3 fxg4 30. Re5 Rd2 31. Rg5+ Kf8 32. Rg7 Rxg2+ 33. Kf1 Bf3 34.
Rc2 Rxg3 35. Rd2 Bd5 36. Rf2+ Bf3 37. Rd2 Bd5 38. Rd4 Rf3+ 39. Ke2 Rf6 40. Rxh7
g3 41. Rh8+ Ke7 42. h7 Rh6 43. Rg8 g2 44. Rxd5 exd5 45. Kf2 Ne4+ 46. Bxe4 dxe4
47. h8=Q Rxh8 48. Rxh8 e3+ 49. Kxg2 1-0